s2 fiche vocab 1 francais à anglais - Statistiques

Statistiques générales
  • Ce quiz a été pris 14 fois
  • Le résultat moyen est 1 sur 23
Statistiques - réponses
Hint Réponse % Correct
licencier To dismiss/ to fire/ to make somebody redundant/ to lay somebody off
67%
une augmentation A raise
33%
la main d'œuvre The workforce / labourforce/ manpower
33%
un fonctionnaire A civil servant
0%
bosseur.se, bourreau detravail An eager beaver
0%
un intérimaire A temp
0%
un stagiaire A trainee, an intern
0%
experience Background
0%
des bénéfices exceptionnels Bumper profits
0%
prudent Conservative
0%
rapport sur les bénéfice Earnings report
0%
effectif Headcount
0%
c'est la routine It's all in a day's work
0%
qualifié Skilled
0%
bâcler son travail To botch up one's work
0%
gagner sa vie To earn/make a living
0%
avoir beaucoup de travail To have a lot on your plate
0%
faire quelque chose rapidement To make short work of something
0%
démissionner To resign, to quit
0%
reprendre le travail To resume work
0%
supprimer des emplois To slash jobs / to cut jobs
0%
se reconvertir dans To switch to, to retrain
0%
travailler énormément To work like a horse
0%
Aucun quiz correspondant
Distribution des résultats
% des personnes avec chaque résultat
Percentile par nombre de réponses
Votre historique - résultats
Vous n’avez pas pris ce quiz